[Event "GER Seniors Derby 13th"]
[Site "Wesel Undeloh"]
[Date "2014.05.11"]
[Round "9"]
[White "Bergmann, Harald"]
[Black "In't Veld, Jan"]
[Result "1/2-1/2"]
[WhiteElo "1591"]
[BlackElo "1360"]
[PlyCount "22"]
[EventDate "2014.05.07"]
[EventType "swiss"]
[EventRounds "9"]
[EventCountry "GER"]
[SourceTitle "EXT 2018"]
[Source "ChessBase"]
[SourceDate "2017.10.13"]
[SourceVersion "1"]
[SourceVersionDate "2017.10.13"]
[SourceQuality "1"]

1. e4 c5 2. Nf3 Nc6 3. d4 cxd4 4. Nxd4 e6 5. Nxc6 bxc6 6. Bd3 Bb4+ 7. Nd2 Nf6 8. 0-0 0-0 9. a3 Bxd2 10. Bxd2 a5 11. Bc3 d5 1/2-1/2

[Event "GER Seniors Derby 13th"]
[Site "Wesel Undeloh"]
[Date "2014.05.08"]
[Round "3"]
[White "In't Veld, Jan"]
[Black "Siemer, Arno"]
[Result "0-1"]
[WhiteElo "1360"]
[BlackElo "1638"]
[PlyCount "92"]
[EventDate "2014.05.07"]
[EventType "swiss"]
[EventRounds "9"]
[EventCountry "GER"]
[SourceTitle "EXT 2018"]
[Source "ChessBase"]
[SourceDate "2017.10.13"]
[SourceVersion "1"]
[SourceVersionDate "2017.10.13"]
[SourceQuality "1"]

1. d4 Nf6 2. c4 e5 3. dxe5 Ng4 4. Nf3 Nc6 5. Bf4 Bb4+ 6. Nc3 0-0 7. h3 Nh6 8. Qc2 f5 9. exf6 Qxf6 10. Bxh6 Qxh6 11. a3 Be7 12. g4 d6 13. Bg2 Be6 14. Nd5 Bd8 15. 0-0 Ne7 16. Nxe7+ Bxe7 17. Rad1 Rad8 18. Nd4 Bc8 19. Nb5 c6 20. Nc3 Qh4 21. f4 h5 22. gxh5 Bxh3 23. Bxh3 Qxh3 24. Qg6 Qe3+ 25. Kh2 Rxf4 26. Rxf4 Qxf4+ 27. Kh1 Bf6 28. Ne4 Be5 29. Kg1 Rf8 30. Qg2 Qe3+ 31. Kh1 Rf4 32. Qg6 Qh3+ 33. Kg1 Rg4+ 34. Kf2 Rxg6 35. hxg6 Qf5+ 36. Ke3 Bf4+ 37. Kd3 d5 38. e3 Qxe4+ 39. Kc3 Be5+ 40. Kb3 Qxe3+ 41. Ka2 Qe4 42. Rd2 Qxg6 43. b3 d4 44. a4 Qg5 45. Rd3 Qc1 46. Rf3 d3 0-1

[Event "GER Seniors Derby 13th"]
[Site "Wesel Undeloh"]
[Date "2014.05.08"]
[Round "4"]
[White "Wollenweber, Jochen"]
[Black "In't Veld, Jan"]
[Result "0-1"]
[WhiteElo "1195"]
[BlackElo "1360"]
[PlyCount "76"]
[EventDate "2014.05.07"]
[EventType "swiss"]
[EventRounds "9"]
[EventCountry "GER"]
[SourceTitle "EXT 2018"]
[Source "ChessBase"]
[SourceDate "2017.10.13"]
[SourceVersion "1"]
[SourceVersionDate "2017.10.13"]
[SourceQuality "1"]

1. e4 c5 2. Bc4 e6 3. Nc3 a6 4. a4 Nc6 5. Nf3 Be7 6. d4 cxd4 7. Nxd4 Ne5 8. Bb3 Bb4 9. Bd2 Nf6 10. f4 Nc6 11. Nxc6 bxc6 12. e5 Nd5 13. Nxd5 Bxd2+ 14. Qxd2 cxd5 15. 0-0-0 0-0 16. Qb4 a5 17. Qc5 Bb7 18. Rd2 Ra6 19. h4 Rc6 20. Qe3 Qc7 21. Rh2 Ba6 22. g4 Rb8 23. g5 Bc4 24. Bxc4 Rxc4 25. b3 Rc3 26. Rd3 Rbxb3 27. Rxc3 Rxc3 28. Qd4 Rc4 29. Qd3 Rxf4 30. Qa6 Kf8 31. Qd6+ Qxd6 32. exd6 Rxa4 33. Rh3 f6 34. gxf6 gxf6 35. Rc3 e5 36. Rc7 Ke8 37. Rc8+ Kf7 38. Rc7 Ke6 0-1